Richest U.S States - Statistics

General Stats
  • This quiz has been taken 81 times
  • The average score is 8 of 10
Answer Stats
Hint Answer % Correct
9 California
99%
3 New York
95%
10 Washington
84%
1 Maryland
82%
4 New Jersey
82%
8 Virginia
81%
5 Connecticut
75%
6 Massachusetts
74%
2 Alaska
71%
7 New Hampshire
68%
No matching quizzes found
Score Distribution
Percent of People with Each Score
Percentile by Number Answered
Your Score History
You have not taken this quiz